<?xml version="1.0" encoding="UTF-8"?>
<record
    xmlns:xsi="http://www.w3.org/2001/XMLSchema-instance"
    xsi:schemaLocation="http://www.loc.gov/MARC21/slim http://www.loc.gov/standards/marcxml/schema/MARC21slim.xsd"
    xmlns="http://www.loc.gov/MARC21/slim">

  <leader>03135nam a22002774a 4500</leader>
  <controlfield tag="003">BOLpUSFA</controlfield>
  <controlfield tag="005">20260407144848.0</controlfield>
  <controlfield tag="008">      t        bo     grm    001 | spa||</controlfield>
  <datafield tag="040" ind1=" " ind2=" ">
    <subfield code="a">BOLpUSFA</subfield>
  </datafield>
  <datafield tag="041" ind1=" " ind2=" ">
    <subfield code="a">spa</subfield>
  </datafield>
  <datafield tag="044" ind1=" " ind2=" ">
    <subfield code="a">BO</subfield>
  </datafield>
  <datafield tag="082" ind1=" " ind2=" ">
    <subfield code="a">ADM0042</subfield>
    <subfield code="b">R175dPG</subfield>
  </datafield>
  <datafield tag="100" ind1=" " ind2=" ">
    <subfield code="a">Ramos Huanca, Reynaldo </subfield>
  </datafield>
  <datafield tag="245" ind1=" " ind2=" ">
    <subfield code="a">Dise&#xF1;o de un plan estrat&#xE9;gico de marketing digital para potenciar la captaci&#xF3;n de clientes en Autotr&#xF3;nica Reyvin, ubicada en la ciudad de El Alto, Bolivia</subfield>
  </datafield>
  <datafield tag="260" ind1=" " ind2=" ">
    <subfield code="a">El Alto: </subfield>
    <subfield code="b">Universidad Privada San Francisco de As&#xED;s. Carrera de Administraci&#xF3;n de Empresas, </subfield>
    <subfield code="c">2025</subfield>
  </datafield>
  <datafield tag="300" ind1=" " ind2=" ">
    <subfield code="a">125 p. </subfield>
  </datafield>
  <datafield tag="502" ind1=" " ind2=" ">
    <subfield code="a">Modalidad: Proyecto de Grado - 
Tutor: Ing. Erick Mois&#xE9;s Marquez Alvarez</subfield>
  </datafield>
  <datafield tag="520" ind1=" " ind2=" ">
    <subfield code="a">Este proyecto tiene como finalidad dise&#xF1;ar un plan estrat&#xE9;gico de marketing 
digital  para  potenciar  la  captaci&#xF3;n  de  clientes  en  Autotr&#xF3;nica  Reyvin,  taller 
especializado en sistemas electr&#xF3;nicos automotrices ubicado en la ciudad de El Alto, 
Bolivia.  A  pesar  de  su  calidad  t&#xE9;cnica,  el  taller  enfrenta  dificultades  para 
posicionarse frente a la competencia debido a una presencia digital limitada y una 
comunicaci&#xF3;n poco activa, lo que limita su alcance y visibilidad ante un p&#xFA;blico cada 
vez  m&#xE1;s  conectado.  Este  planteamiento  del  problema  evidencia  la  necesidad  de 
modernizar  su  estrategia  comercial  mediante  herramientas  digitales  efectivas  y 
accesibles. 

Para  abordar  esta  necesidad,  se  aplic&#xF3;  un  m&#xE9;todo  mixto  que  combin&#xF3; 
encuestas a 382 propietarios de veh&#xED;culos de El Alto, an&#xE1;lisis FODA, revisi&#xF3;n de 
buenas pr&#xE1;cticas en marketing digital y observaci&#xF3;n directa del entorno competitivo. 
La  recolecci&#xF3;n  de  datos  permiti&#xF3;  identificar  h&#xE1;bitos  de  consumo,  preferencias 
digitales, canales de comunicaci&#xF3;n m&#xE1;s utilizados y factores clave en la elecci&#xF3;n de 
un  taller  de  autotr&#xF3;nica.  Con  esta  informaci&#xF3;n,  se  dise&#xF1;&#xF3;  un  plan  estrat&#xE9;gico 
estructurado en fases, con cronograma de seis meses, asignaci&#xF3;n de responsable, 
presupuesto ajustado y sistema de indicadores (KPIs) para medir resultados. 

Los principales resultados muestran un alto inter&#xE9;s del p&#xFA;blico en contenido 
t&#xE9;cnico, preferencia por WhatsApp como canal de contacto y una oportunidad clara 
para  posicionar  a  Autotr&#xF3;nica  Reyvin  como  referente  confiable.  Las  estrategias 
propuestas  incluyen  publicaciones  constantes  en  redes  sociales,  campa&#xF1;as 
educativas  en  TikTok  e  Instagram,  automatizaci&#xF3;n  de  respuestas  y  promociones 
segmentadas.  Como  conclusi&#xF3;n,  el  plan  es  viable,  sostenible  y  de  bajo  costo,  y 
permitir&#xE1;  aumentar  la  visibilidad,  fortalecer  la  confianza  del  cliente  y  mejorar  la 
captaci&#xF3;n  de  nuevos  usuarios  mediante  una  estrategia  digital  clara,  medible  y 
alineada con la realidad de nuestro pa&#xED;s. 
</subfield>
  </datafield>
  <datafield tag="650" ind1=" " ind2=" ">
    <subfield code="a">Administraci&#xF3;n de Empresas</subfield>
  </datafield>
  <datafield tag="650" ind1=" " ind2=" ">
    <subfield code="a">Proyecto de Grado</subfield>
  </datafield>
  <datafield tag="650" ind1=" " ind2=" ">
    <subfield code="a">Marketing digital</subfield>
  </datafield>
  <datafield tag="650" ind1=" " ind2=" ">
    <subfield code="a">Sistemas electr&#xF3;nicos</subfield>
  </datafield>
  <datafield tag="650" ind1=" " ind2=" ">
    <subfield code="a">Sistemas automotrices</subfield>
  </datafield>
  <datafield tag="651" ind1=" " ind2=" ">
    <subfield code="a">El Alto</subfield>
  </datafield>
  <datafield tag="942" ind1=" " ind2=" ">
    <subfield code="2">ddc</subfield>
    <subfield code="c">TE</subfield>
    <subfield code="z">LLO</subfield>
  </datafield>
  <datafield tag="999" ind1=" " ind2=" ">
    <subfield code="c">9690</subfield>
    <subfield code="d">9690</subfield>
  </datafield>
  <datafield tag="952" ind1=" " ind2=" ">
    <subfield code="0">0</subfield>
    <subfield code="1">0</subfield>
    <subfield code="2">ddc</subfield>
    <subfield code="4">0</subfield>
    <subfield code="7">0</subfield>
    <subfield code="8">2</subfield>
    <subfield code="a">BEA</subfield>
    <subfield code="b">BEA</subfield>
    <subfield code="c">3</subfield>
    <subfield code="d">2026-03-30</subfield>
    <subfield code="e">4</subfield>
    <subfield code="l">0</subfield>
    <subfield code="o">ADM0042 R175dPG</subfield>
    <subfield code="p">BEA01538</subfield>
    <subfield code="r">2026-03-30</subfield>
    <subfield code="w">2026-03-30</subfield>
    <subfield code="y">TE</subfield>
  </datafield>
</record>
